Educación y plenitud humana
Zapisane w:
| 1. autor: | |
|---|---|
| Format: | Książka |
| Język: | hiszpański |
| Wydane: |
Buenos Aires
El Ateneo
1964
|
| Wydanie: | 7a. ed |
| Hasła przedmiotowe: | |
| Etykiety: |
Dodaj etykietę
Nie ma etykietki, Dołącz pierwszą etykiete!
|
MARC
| LEADER | 00000nam a2200000 a 4500 | ||
|---|---|---|---|
| 001 | UCW3498 | ||
| 003 | CL-VaPUC | ||
| 008 | 881011e19640000AG |||||||||||||||||spa|d | ||
| 082 | 0 | 4 | |a 370.1 |b MAN |2 21 |
| 100 | |a Mantovani, Juan |e autor |9 519137 | ||
| 245 | 1 | 0 | |a Educación y plenitud humana |
| 250 | |a 7a. ed | ||
| 300 | |a 197 p | ||
| 942 | |c BK | ||
| 945 | |d 19881011 00:00:00 | ||
| 260 | |a Buenos Aires |b El Ateneo |c 1964 | ||
| 650 | 0 | |a Filosofía de la educación |9 258384 | |
| 583 | |a last modification |c 19881011 00:00:00 |k Rodrigo Vera | ||
| 999 | |c 217474 |d 217472 | ||
| 952 | |0 0 |1 0 |4 0 |6 370_100000000000000_MAN_1964 |7 0 |8 P |9 205135 |a BIBEDU |b BIBEDU |c BIBEDU_PB |d 2019-11-15 |i 2730790 |o 370.1 MAN 1964 |p 2730790 |r 2024-01-25 |w 2019-11-15 |y BK |k EDU | ||
| 952 | |0 0 |1 0 |4 0 |6 370_100000000000000_MAN_1964 |7 0 |8 P |9 205136 |a BIBEDU |b BIBEDU |c BIBEDU_PB |d 2019-11-15 |i 2730812 |o 370.1 MAN 1964 |p 2730812 |r 2024-01-25 |w 2019-11-15 |y BK |k EDU | ||
| 952 | |0 0 |1 0 |4 0 |6 370_100000000000000_MAN_1964 |7 0 |8 P |9 205137 |a BIBEDU |b BIBEDU |c BIBEDU_PB |d 2019-11-15 |i 2730820 |o 370.1 MAN 1964 |p 2730820 |r 2024-01-25 |w 2019-11-15 |y BK |k EDU | ||
| 952 | |0 0 |1 0 |4 0 |6 370_100000000000000_MAN_1964 |7 0 |8 P |9 205138 |a BIBEDU |b BIBEDU |c BIBEDU_PB |d 2019-11-15 |i 2730839 |o 370.1 MAN 1964 |p 2730839 |r 2024-01-25 |w 2019-11-15 |y BK |k EDU | ||
| 952 | |0 0 |1 0 |4 0 |6 370_100000000000000_MAN_1964 |7 0 |8 P |9 205139 |a BIBEDU |b BIBEDU |c BIBEDU_PB |d 2019-11-15 |i 2730847 |o 370.1 MAN 1964 |p 2730847 |r 2024-01-25 |w 2019-11-15 |y BK |k EDU | ||
| 952 | |0 0 |1 0 |4 0 |6 370_100000000000000_MAN_1964 |7 0 |8 P |9 205140 |a BIBEDU |b BIBEDU |c BIBEDU_PB |d 2019-11-15 |i 2730855 |o 370.1 MAN 1964 |p 2730855 |r 2024-01-25 |w 2019-11-15 |y BK |k EDU | ||
| 952 | |0 0 |1 0 |4 0 |6 370_100000000000000_MAN_1964 |7 0 |8 P |9 205141 |a BIBEDU |b BIBEDU |c BIBEDU_PB |d 2019-11-15 |i 2730863 |o 370.1 MAN 1964 |p 2730863 |r 2024-01-25 |w 2019-11-15 |y BK |k EDU | ||
| 952 | |0 0 |1 0 |4 0 |6 370_100000000000000_MAN_1964 |7 0 |8 P |9 205142 |a BIBEDU |b BIBEDU |c BIBEDU_PB |d 2019-11-15 |i 2730871 |o 370.1 MAN 1964 |p 2730871 |r 2024-01-25 |w 2019-11-15 |y BK |k EDU | ||
| 952 | |0 0 |1 0 |4 0 |6 370_100000000000000_MAN_1964 |7 0 |8 P |9 205143 |a BIBEDU |b BIBEDU |c BIBEDU_PB |d 2019-11-15 |i 273088K |o 370.1 MAN 1964 |p 273088K |r 2024-01-25 |w 2019-11-15 |y BK |k EDU | ||
| 952 | |0 0 |1 0 |4 0 |6 370_100000000000000_MAN_1964 |7 0 |8 P |9 205144 |a BIBEDU |b BIBEDU |c BIBEDU_PB |d 2019-11-15 |i 2730898 |o 370.1 MAN 1964 |p 2730898 |r 2024-01-25 |w 2019-11-15 |y BK |k EDU | ||